| 000 | 01151nam a2200349 a 4500 | ||
|---|---|---|---|
| 999 |
_c7559 _d7559 |
||
| 001 | 991041782319706706 | ||
| 003 | OSt | ||
| 005 | 20211217131607.0 | ||
| 008 | 980212s1997 spca ||b 001 ||spa | ||
| 015 |
_aLL1998 _2bnc |
||
| 017 |
_aDL B. 34838-1997 _bBiblioteca de Catalunya |
||
| 020 | _a8477824444 | ||
| 035 | _a(ES-BaCBU).b2098764x | ||
| 035 | _a(OCoLC)1286257407 | ||
| 040 |
_aES-BaBC _bcat _cCDMR |
||
| 080 | _a946.0(061.4)"1977/1997" | ||
| 245 | 0 | 0 | _aEspaña, 20 años de democracia |
| 260 |
_aBarcelona : _bLunwerg ; _aMadrid : _bFundación EFE, _c1997 |
||
| 300 |
_a211 p. : _bprincipalment il. ; _c29 cm |
||
| 500 | _aCatàleg de l'exposició | ||
| 500 | _aA la portada: Patrocinado por Fundación Caja de Madrid | ||
| 500 | _aA la portada: Con la colaboración de Cepsa, Retevisión | ||
| 504 | _aÍndex | ||
| 610 | 2 | 0 |
_9624 _aAgencia EFE _xExposicions |
| 650 | 7 |
_aFotografia documental _zEspanya _xExposicions. _2lemac |
|
| 710 | 2 | _aFundación EFE | |
| 710 | 2 | _aRetevisión. | |
| 907 |
_a.b2098764x _b17-06-21 _c07-05-08 _d07-05-08 _em _fa _g- _hspa _ispc _j0 _k2 |
||
| 908 |
_aBC _aUdG _aUB |
||
| 940 | _aBC | ||
| 942 |
_2udc _cMON |
||